| 000 | 00475nam a22001817a 4500 | ||
|---|---|---|---|
| 005 | 20250701123128.0 | ||
| 008 | 250608b |||||||| |||| 00| 0 eng d | ||
| 020 |
_a9780099460084 _qpbk |
||
| 041 | _aeng | ||
| 082 | _a823.92 RYA | ||
| 100 | _aRyan Chris | ||
| 245 |
_aStand By, Stand By _b: a man at war with the enemy _c/ Chris Ryan |
||
| 250 | _a1st ed | ||
| 260 |
_aUk _bArrow Books _c2008 |
||
| 300 |
_a416p. : _c20cm |
||
| 650 | _aEnglish Fiction | ||
| 942 | _cENGLISH | ||
| 999 |
_c571730 _d571730 |
||